000 00284nam a2200121Ia 4500
008 190216s9999||||xx |||||||||||||| ||und||
100 _aGordon M Barrow
245 0 _aPhysical Chemistry
260 _bMcgraw -hill
_c1961
300 _a832p
650 _aChemistry-Chemistry
942 _cBK
999 _c2238
_d2238